000 00643nam a2200229 a 4500
999 _c13697
_d13697
003 PK-NaQUE
005 20250611090838.0
008 250611b ||||| |||| 00| 0 eng d
020 _a0321795431 (hardcover)
020 _a9780321795434 (hardcover)
040 _cQUEST
100 1 _aHogg, Robert V.
245 1 0 _aIntroduction to Mathematical Statistics /
250 _a7th ed.
260 _a[S.l.] :
_bPearson,
_c2012.
300 _a640 p. ;
490 1 _a7th edition.
650 _aMathematical Statistics
700 1 _aCraig, Allen T.
856 4 0 _uhttp://10.10.170.122:8080/browse/book/20297
_yDownload eBook
942 _cBK
_2ddc